Statistics for Beatles Songs By Album

Click here to take the quiz!

General Stats

  • This quiz has been taken 34 times
  • The average score is 21 of 26

Answer Stats

HintAnswer% Correct
Get BackLet It Be
95%
A Day in the LifeSgt Peppers Lonely Hearts Club Band
95%
Revolution 9The Beatles/White Album
95%
The Long and Winding RoadLet It Be
89%
Lucy in the Sky With DiamondsSgt Peppers Lonely Hearts Club Band
89%
Maxwell's Silver HammerAbbey Road
84%
The EndAbbey Road
84%
I Am The WalrusMagical Mystery Tour
84%
Strawberry Fields ForeverMagical Mystery Tour
84%
Love Me DoPlease Please Me
84%
Elanor RigbyRevolver
84%
Norwegian Wood (This Bird Has Flown)Rubber Soul
84%
Ob-La-Di Ob-La-DaThe Beatles/White Album
84%
Hey BulldogYellow Submarine
84%
Her MajestyAbbey Road
79%
Here Comes the SunAbbey Road
79%
TaxmanRevolver
79%
Drive My CarRubber Soul
79%
With a Little Help From My FriendsSgt Peppers Lonely Hearts Club Band
79%
Lovely RitaSgt Peppers Lonely Hearts Club Band
79%
Only a Northern SongYellow Submarine
79%
I've Got a FeelingLet It Be
74%
Penny LaneMagical Mystery Tour
74%
While My Guitar Gently WeepsThe Beatles/White Album
74%
Glass OnionThe Beatles/White Album
74%
Yellow SubmarineRevolver
47%

Score Distribution

Percentile by Number Answered

Percent of People with Each Score

Your Score History

You have not taken this quiz